ça va faire du bruit 3 (mort subite) - Statistiques

Statistiques générales
  • Ce quiz a été pris 147 fois
  • Le résultat moyen est 10 sur 12
Answers on the Grid
Answers color-coded by a green-red scale on the quiz's grid according to % correct below.
Eclater
Soupirer
Appeler
Clapoter
Retenir
Gronder
Regretter
Bruiter
Rincer
Ruiner
Anordir
Gratter
Susurrer
Chuchoter
Adoucir
Marteler
 
Statistiques - réponses
Réponse % Correct
Eclater
100%
Bruiter
96%
Gronder
96%
Appeler
94%
Marteler
93%
Clapoter
91%
Gratter
87%
Chuchoter
82%
Soupirer
81%
Susurrer
79%
Rincer
77%
Anordir
65%
Aucun quiz correspondant
Distribution des résultats
% des personnes avec chaque résultat
Percentile par nombre de réponses
Votre historique - résultats
Vous n’avez pas pris ce quiz